[Event "SK Sodingen/Castrop 2 - SV Erkenschwick"]
[Site "Verbandsliga - Gruppe 1 2018/"]
[Date "2018.09.23"]
[Round "1.1"]
[White "Trzaska, Peter"]
[Black "Ribbeheger, Edgar"]
[Result "1-0"]
[WhiteElo "2070"]
[BlackElo "2005"]
[Annotator "Daniel"]
[PlyCount "63"]
[EventDate "2018.??.??"]

1. e4 c6 2. c4 e5 3. Nf3 d6 4. d4 Qc7 5. Nc3 Be7 6. Be2 Nf6 7. O-O O-O 8. d5
Nbd7 9. Ne1 cxd5 10. Nxd5 Nxd5 11. cxd5 f5 12. exf5 Rxf5 13. Bg4 Rf8 14. Be6+
Kh8 15. Be3 Nc5 16. Rc1 Bxe6 17. dxe6 Qd8 18. Bxc5 dxc5 19. Qd7 Qxd7 20. exd7
Rad8 21. Nd3 Rxd7 22. Nxe5 Rd2 23. Nc4 Re2 24. a4 $11 Kg8 25. g3 Bf6 26. Rfe1
Bxb2 27. Rxe2 Bxc1 28. Re7 Rb8 29. f4 b5 30. axb5 Rxb5 31. Re8+ Kf7 32. Nd6+
1-0

[Event "SK Sodingen/Castrop 2 - SV Erkenschwick"]
[Site "Verbandsliga - Gruppe 1 2018/"]
[Date "2018.09.23"]
[Round "1.2"]
[White "Haberhausen, Ansgar"]
[Black "Jungbluth, Rolf"]
[Result "1/2-1/2"]
[WhiteElo "2002"]
[BlackElo "1954"]
[PlyCount "81"]
[EventDate "2018.??.??"]

1. d4 d5 2. Nf3 Nf6 3. c4 e6 4. Nc3 Be7 5. Bg5 O-O 6. e3 c6 7. Bd3 Nbd7 8. O-O
Re8 9. Rc1 Nf8 10. Ne5 N6d7 11. Bf4 Nxe5 12. Bxe5 Bd6 13. Bxd6 Qxd6 14. f4 Kh8
15. Qh5 Qe7 16. e4 g6 17. Qh6 dxc4 18. Bxc4 Qb4 19. b3 b5 20. f5 f6 21. fxg6
Qe7 22. Be2 Nxg6 23. Bh5 Rg8 24. Ne2 Bd7 25. Qe3 Raf8 26. g3 Be8 27. Qc3 Qg7
28. Qc5 Qh6 29. Rc3 Qd2 30. e5 fxe5 31. Bxg6 Rxf1+ 32. Kxf1 hxg6 33. Qxe5+ Kh7
34. Rf3 Rg7 35. Nf4 Bd7 36. Nh3 g5 37. Rf2 Qd1+ 38. Kg2 Qh5 39. Nf4 Qe8 40.
Qe4+ Kg8 41. Nd3 1/2-1/2

[Event "SK Sodingen/Castrop 2 - SV Erkenschwick"]
[Site "Verbandsliga - Gruppe 1 2018/"]
[Date "2018.09.23"]
[Round "1.3"]
[White "Broszeit, Peter"]
[Black "Schriewer, Thomas"]
[Result "1/2-1/2"]
[WhiteElo "1906"]
[BlackElo "1907"]
[Annotator "Daniel"]
[PlyCount "64"]
[EventDate "2018.??.??"]

1. e4 c5 2. Nf3 e6 3. b4 cxb4 4. a3 Nc6 5. axb4 Nxb4 6. c3 Nc6 7. d4 d5 8. e5
Nge7 9. Bd3 Ng6 10. O-O Be7 11. Ba3 O-O 12. Qc2 Re8 13. Bxe7 Ncxe7 14. Na3 Bd7
15. Rfb1 Bc6 16. Nb5 Nc8 17. g3 Nf8 18. Qe2 f5 19. h4 a6 20. Na3 Re7 21. Nc2
Rc7 22. Nb4 Be8 23. Qd2 Bh5 24. Ng5 Ne7 25. Nc2 Qc8 26. Rb3 Be8 27. Ne3 $11 Rb8
28. Nd1 Bc6 29. Rab1 Ba4 30. Rb4 Bxd1 31. Qxd1 Nc6 32. Rb6 Ra8 1/2-1/2

[Event "SK Sodingen/Castrop 2 - SV Erkenschwick"]
[Site "Verbandsliga - Gruppe 1 2018/"]
[Date "2018.09.23"]
[Round "1.4"]
[White "Evertz, Dieter"]
[Black "Schulze Bisping, Franz-Adolf"]
[Result "1/2-1/2"]
[WhiteElo "1925"]
[BlackElo "1915"]
[PlyCount "55"]
[EventDate "2018.??.??"]

1. e4 e6 2. Nf3 d5 3. e5 c5 4. b4 cxb4 5. d4 Nc6 6. Bd3 Nh6 7. O-O Nf5 8. Bxf5
exf5 9. a3 Be6 10. axb4 Bxb4 11. h4 h6 12. g3 O-O 13. Kg2 b5 14. Qd3 Qb6 15.
Nc3 Rfb8 16. Be3 Bf8 17. Rfb1 Nb4 18. Qd2 Qc6 19. Bxh6 gxh6 20. Rxb4 Bxb4 21.
Qxh6 Bxc3 22. Ng5 Bxd4 23. f4 Rc8 24. Re1 Qxc2+ 25. Kh3 Rc3 26. Nh7 Rxg3+ 27.
Kxg3 Qf2+ 28. Kh3 1/2-1/2

[Event "SK Sodingen/Castrop 2 - SV Erkenschwick"]
[Site "Verbandsliga - Gruppe 1 2018/"]
[Date "2018.09.23"]
[Round "1.5"]
[White "Schawacht, Max"]
[Black "Hessel, Malte"]
[Result "1/2-1/2"]
[WhiteElo "1869"]
[BlackElo "1888"]
[PlyCount "41"]
[EventDate "2018.??.??"]

1. e4 c6 2. Nf3 d5 3. exd5 cxd5 4. Ne5 Nf6 5. d4 g6 6. Be2 Bg7 7. O-O O-O 8.
Re1 b6 9. a4 Bb7 10. Nd2 Nfd7 11. f4 f6 12. Nxd7 Nxd7 13. Nf3 e5 14. fxe5 fxe5
15. dxe5 Nxe5 16. Nxe5 Bxe5 17. Bf3 Qd6 18. h3 Bg3 19. Re3 Rad8 20. b3 Rfe8 21.
Ba3 1/2-1/2

[Event "SK Sodingen/Castrop 2 - SV Erkenschwick"]
[Site "Verbandsliga - Gruppe 1 2018/"]
[Date "2018.09.23"]
[Round "1.6"]
[White "Kock, Wolfgang"]
[Black "Broksch, Dirk"]
[Result "1/2-1/2"]
[WhiteElo "1970"]
[BlackElo "1847"]
[PlyCount "99"]
[EventDate "2018.??.??"]

1. c4 Nf6 2. g3 g6 3. b3 Bg7 4. Bb2 O-O 5. Bg2 c6 6. Nf3 b6 7. d3 Bb7 8. O-O c5
9. Nbd2 Nc6 10. Rc1 Qc7 11. Re1 d6 12. a3 e5 13. Rb1 Rfe8 14. Ne4 Qe7 15. Nc3
Nd4 16. e3 Nxf3+ 17. Bxf3 Qd7 18. Ne4 Rad8 19. b4 Nxe4 20. dxe4 Qc7 21. b5 Qb8
22. Bg2 Qa8 23. f3 a5 24. Qe2 Qc8 25. Red1 Qe6 26. Rd2 Bf8 27. Rbd1 Be7 28. h4
f6 29. Kh2 Bc8 30. Qf1 Rf8 31. Bh3 Qxh3+ 32. Qxh3 Bxh3 33. Kxh3 Kf7 34. Rd5 h6
35. Bc1 Kg7 36. Kg2 Rfe8 37. f4 Rf8 38. Kf3 Kf7 39. Rf1 Kg7 40. f5 g5 41. Rh1
Rh8 42. Rd2 Rde8 43. Rdh2 Reg8 44. a4 Rd8 45. Bd2 Ra8 46. Bc3 Rab8 47. hxg5
hxg5 48. Rxh8 Rxh8 49. Rxh8 Kxh8 50. g4 1/2-1/2

[Event "SK Sodingen/Castrop 2 - SV Erkenschwick"]
[Site "Verbandsliga - Gruppe 1 2018/"]
[Date "2018.09.23"]
[Round "1.7"]
[White "Strohmann, Marcel"]
[Black "Zwielich, Frank"]
[Result "1/2-1/2"]
[WhiteElo "1844"]
[BlackElo "1920"]
[Annotator "Daniel"]
[PlyCount "83"]
[EventDate "2018.??.??"]

1. e4 c5 2. Nf3 e6 3. d4 cxd4 4. Nxd4 a6 5. Nc3 Qc7 6. Bd3 Nf6 7. O-O Bc5 8.
Be3 O-O 9. h3 b5 10. a3 Bb7 11. Re1 d6 12. Nb3 Bxe3 13. Rxe3 Nbd7 14. Bxb5 axb5
15. Nxb5 Qb6 16. Nxd6 Rfd8 17. Qd4 Qxd4 18. Nxd4 Nc5 $11 19. Nxb7 Nxb7 20. Nb3
Ra4 21. f3 Kf8 22. Rd3 Rxd3 23. cxd3 Ke7 24. Kf2 Kd6 25. Rc1 Nd7 26. Ke3 Ndc5
27. Nd2 Na5 28. Rc3 Nd7 29. b4 Nb7 30. Nc4+ Ke7 31. d4 Nd6 32. Nb2 Ra8 33. a4
Rc8 34. Rxc8 Nxc8 35. Kd3 Kd8 36. b5 Kc7 37. Kc3 Kb7 38. Kb4 Ka7 39. a5 Kb7 40.
Nd3 Kc7 41. Nc5 Nb8 42. Na4 1/2-1/2

[Event "SK Sodingen/Castrop 2 - SV Erkenschwick"]
[Site "Verbandsliga - Gruppe 1 2018/"]
[Date "2018.09.23"]
[Round "1.8"]
[White "Balke, Reiner"]
[Black "Stoetzel, Martin"]
[Result "0-1"]
[WhiteElo "1883"]
[BlackElo "1756"]
[PlyCount "62"]
[EventDate "2018.??.??"]

1. e4 e5 2. Bc4 Nf6 3. d3 Nc6 4. Nf3 Be7 5. O-O O-O 6. a3 d6 7. Re1 Bg4 8. Nbd2
Qd7 9. c3 Be6 10. Bb5 a6 11. Ba4 b5 12. Bc2 Nd8 13. Nf1 c5 14. d4 Qc7 15. Bg5
h6 16. Bh4 Bg4 17. Bxf6 Bxf6 18. d5 c4 19. Ne3 Bd7 20. Qe2 Nb7 21. h3 g6 22.
Nh2 Bg7 23. g4 Nc5 24. Nhf1 Qd8 25. Ng3 Qg5 26. Kh2 h5 27. f3 Bf6 28. Ng2 hxg4
29. fxg4 Kg7 30. Rh1 Rh8 31. Kg1 Rxh3 0-1

[Event "Bochumer SV 2 - Dortmunder SV 1"]
[Site "Verbandsliga - Gruppe 2 2018/"]
[Date "2018.09.23"]
[Round "1.1"]
[White "Wichtrup, Jan-Louis"]
[Black "Schneider, Bernd"]
[Result "1/2-1/2"]
[WhiteElo "2051"]
[BlackElo "2272"]
[PlyCount "104"]
[EventDate "2018.??.??"]

1. d4 g6 2. Nf3 Bg7 3. c4 d6 4. g3 Nf6 5. Bg2 O-O 6. O-O Nc6 7. Nc3 a6 8. b3
Rb8 9. d5 Na5 10. Nd4 Bd7 11. Qd2 c5 12. dxc6 Nxc6 13. Bb2 Qa5 14. Rfd1 Rfc8
15. Rac1 Nxd4 16. Qxd4 Bc6 17. Qd2 Bxg2 18. Kxg2 b5 19. cxb5 axb5 20. Nd5 Qxd2
21. Rxc8+ Rxc8 22. Rxd2 Nxd5 23. Bxg7 Nb4 24. Bh6 Ra8 25. a4 bxa4 26. bxa4 f6
27. Be3 Ra6 28. Rd1 Kf7 29. Ra1 Nc2 30. Ra2 Nxe3+ 31. fxe3 Ke6 32. a5 Kd5 33.
Ra4 Kc5 34. Rh4 h5 35. g4 hxg4 36. Rxg4 g5 37. h4 gxh4 38. Rxh4 Rxa5 39. Rh7
Ra7 40. Kf3 Kd5 41. Rg7 Ke6 42. Rg4 Ra5 43. Rb4 Rf5+ 44. Ke4 Rf1 45. Rb7 f5+
46. Kd3 Rd1+ 47. Kc3 Kf6 48. Ra7 e6 49. Ra5 Rd5 50. Rxd5 exd5 51. Kd4 Ke6 52.
Kc3 Ke5 1/2-1/2

[Event "Bochumer SV 2 - Dortmunder SV 1"]
[Site "Verbandsliga - Gruppe 2 2018/"]
[Date "2018.09.23"]
[Round "1.3"]
[White "Mallee, Ralph"]
[Black "Kraemer, Matthias"]
[Result "1/2-1/2"]
[WhiteElo "2073"]
[BlackElo "2216"]
[PlyCount "51"]
[EventDate "2018.??.??"]

1. e4 c5 2. c3 Nf6 3. e5 Nd5 4. d4 cxd4 5. cxd4 d6 6. Nf3 Nc6 7. Bc4 Nb6 8. Bb5
dxe5 9. Nxe5 Bd7 10. Bxc6 Bxc6 11. Nxc6 bxc6 12. O-O g6 13. Re1 e6 14. Nc3 Bg7
15. Be3 Nd5 16. Qa4 O-O 17. Qxc6 Rc8 18. Qa4 Nxc3 19. bxc3 Rxc3 20. Rac1 Rxc1
21. Rxc1 Qb8 22. g3 Rd8 23. Qa6 h6 24. h4 Kh7 25. d5 Rxd5 26. Qxa7 1/2-1/2

[Event "Bochumer SV 2 - Dortmunder SV 1"]
[Site "Verbandsliga - Gruppe 2 2018/"]
[Date "2018.09.23"]
[Round "1.4"]
[White "Spiess, Timo-Christian"]
[Black "Wittmann, Rainer"]
[Result "1/2-1/2"]
[WhiteElo "2047"]
[BlackElo "2013"]
[PlyCount "25"]
[EventDate "2018.??.??"]

1. e4 c5 2. Nf3 e6 3. Qe2 Nc6 4. d3 Nf6 5. g3 Be7 6. Bg2 d6 7. O-O O-O 8. c3
Qc7 9. Re1 Nd7 10. Bg5 Nde5 11. Bxe7 Nxf3+ 12. Bxf3 Qxe7 13. Nd2 1/2-1/2

[Event "Bochumer SV 2 - Dortmunder SV 1"]
[Site "Verbandsliga - Gruppe 2 2018/"]
[Date "2018.09.23"]
[Round "1.5"]
[White "Huettemann, Karl-Heinz"]
[Black "Niekrens, Stefan"]
[Result "0-1"]
[WhiteElo "2008"]
[BlackElo "2027"]
[Annotator "Daniel"]
[PlyCount "98"]
[EventDate "2018.??.??"]

1. c4 Nf6 2. Nc3 g6 3. g3 Bg7 4. Bg2 O-O 5. e4 d6 6. Nge2 c6 7. d3 Bd7 8. O-O
Na6 9. Rb1 Nc7 10. b4 e5 11. a4 Ne6 12. h3 Nd4 13. Nxd4 exd4 14. Ne2 Qc8 15.
Kh2 Ne8 16. Bb2 c5 17. bxc5 dxc5 18. f4 Bc6 19. Ba3 b6 20. a5 Qa6 21. Qd2 Nd6
22. Ra1 Qb7 23. g4 f5 24. gxf5 gxf5 25. a6 Qd7 26. e5 Bxg2 27. Kxg2 Ne8 28. Kh2
Nc7 29. Bc1 Rae8 30. Qa2 $11 Kh8 31. Qa4 Qe6 32. Ra2 Rg8 33. Ng3 Bf8 34. Qd1
Be7 35. Qh5 Ref8 36. Qf3 b5 37. Qb7 Bh4 38. Ne2 bxc4 39. dxc4 Qxc4 40. Rd2 d3
41. Ng1 Bg3+ 42. Kh1 Ne6 43. Qf3 Nd4 44. Qxd3 Qd5+ 45. Nf3 Bxf4 46. Rdf2 Bxc1
47. Rxc1 Rg3 48. Rcf1 Rfg8 49. Kh2 Nxf3+ 0-1

[Event "Bochumer SV 2 - Dortmunder SV 1"]
[Site "Verbandsliga - Gruppe 2 2018/"]
[Date "2018.09.23"]
[Round "1.6"]
[White "Hinkmann, Jens"]
[Black "Brockmann, Fabian"]
[Result "1/2-1/2"]
[WhiteElo "2009"]
[BlackElo "1951"]
[Annotator "Daniel"]
[PlyCount "73"]
[EventDate "2018.??.??"]

1. e4 c5 2. Nc3 Nc6 3. g3 g6 4. Bg2 Bg7 5. d3 d6 6. Be3 e5 7. Qd2 Qa5 8. Nd5
Qxd2+ 9. Kxd2 Rb8 10. c3 Nge7 11. Nc7+ Kd7 12. Nb5 a6 13. Na3 Kc7 14. Ne2 Be6
15. Rhc1 Kd7 $11 16. Nc2 Rhc8 17. b3 Ke8 18. f4 b6 19. Rf1 d5 20. fxe5 Nxe5 21.
Nf4 dxe4 22. Nxe6 fxe6 23. Bxe4 Nd5 24. Bxd5 exd5 25. Rae1 Rb7 26. Bf4 Re7 27.
Bg5 Re6 28. d4 h6 29. Bf4 cxd4 30. Nxd4 Re7 31. Re2 Kd7 32. Bxe5 Bxe5 33. Rfe1
Rce8 34. Kd3 Bf6 35. Rxe7+ Rxe7 36. Rxe7+ Bxe7 37. Ne2 1/2-1/2

[Event "Bochumer SV 2 - Dortmunder SV 1"]
[Site "Verbandsliga - Gruppe 2 2018/"]
[Date "2018.09.23"]
[Round "1.7"]
[White "Kantor, Daniel"]
[Black "Goralski, Christian"]
[Result "0-1"]
[WhiteElo "1888"]
[BlackElo "1967"]
[PlyCount "62"]
[EventDate "2018.??.??"]

1. e4 d5 2. exd5 Nf6 3. d4 Bg4 4. Be2 Bxe2 5. Nxe2 Qxd5 6. O-O Nc6 7. Nbc3 Qf5
8. Ng3 Qg6 9. Be3 O-O-O 10. Nce2 e5 11. c3 h5 12. h4 Nd5 13. Qb3 Qg4 14. Bg5 f6
15. f3 Qd7 16. Bd2 Na5 17. Qc2 Nc4 18. Kf2 g5 19. hxg5 h4 20. Ne4 f5 21. Nf6
Nxf6 22. gxf6 Nxd2 23. Qxd2 Bh6 24. Qc2 Qe6 25. Rae1 Be3+ 26. Kxe3 exd4+ 27.
Kf4 Qe3+ 28. Kxf5 Rd5+ 29. Kg4 Qe6+ 30. Kf4 Qxf6+ 31. Kg4 Qe6+ 0-1

[Event "Bochumer SV 2 - Dortmunder SV 1"]
[Site "Verbandsliga - Gruppe 2 2018/"]
[Date "2018.09.23"]
[Round "1.8"]
[White "Peters, Olaf"]
[Black "Wolff, Torsten"]
[Result "0-1"]
[WhiteElo "1904"]
[BlackElo "1875"]
[PlyCount "70"]
[EventDate "2018.??.??"]

1. c4 e5 2. Nc3 Bb4 3. g3 Bxc3 4. dxc3 Nc6 5. Bg2 Nge7 6. Nf3 O-O 7. O-O d6 8.
b3 Ng6 9. e4 Qe7 10. Be3 b6 11. Qd3 Kh8 12. Nd2 Bb7 13. h4 Qe6 14. Kh2 Nge7 15.
Rae1 Rab8 16. Bh3 f5 17. exf5 Nxf5 18. h5 Nce7 19. Bg5 g6 20. f4 Ng8 21. fxe5
dxe5 22. Bf4 Rbd8 23. Qe2 e4 24. Nf3 Rde8 25. Nh4 Qc6 26. hxg6 Nxh4 27. gxh7
Nf3+ 28. Rxf3 exf3 29. hxg8=Q+ Kxg8 30. Qd1 Rxe1 31. Qxe1 Re8 32. Qd1 Re2+ 33.
Bg2 Rxg2+ 34. Kh1 Rd2 35. Qf1 Rd1 0-1

[Event "SV Recklinghausen-Süd 1 - SF Buer 1"]
[Site "Verbandsliga - Gruppe 2 2018/"]
[Date "2018.09.23"]
[Round "1.1"]
[White "Große-Frintrop, Gerd"]
[Black "Beckmann, Klaus"]
[Result "0-1"]
[WhiteElo "1988"]
[BlackElo "2121"]
[PlyCount "134"]
[EventDate "2018.??.??"]

1. d4 g6 2. c4 Bg7 3. Nc3 e5 4. d5 d6 5. e4 Ne7 6. Bd3 f5 7. Bg5 h6 8. Bxe7
Qxe7 9. exf5 e4 10. Bc2 gxf5 11. Qh5+ Qf7 12. Qxf7+ Kxf7 13. Nb5 Na6 14. O-O-O
h5 15. f3 e3 16. Ne2 Bd7 17. a3 h4 18. Nbd4 Bxd4 19. Rxd4 Kf6 20. Rg1 Rae8 21.
Rf4 Ke5 22. Rd4 Re7 23. f4+ Kf6 24. Rdd1 Nc5 25. Nc3 a5 26. Rde1 Rg8 27. g3 Rg4
28. b4 axb4 29. axb4 Na6 30. Bd1 Nxb4 31. Bxg4 Nd3+ 32. Kd1 fxg4 33. Ke2 Nxe1
34. Rxe1 Bf5 35. Nd1 hxg3 36. hxg3 Rh7 37. Nxe3 Rh2+ 38. Kf1 Rd2 39. Kg1 Bd7
40. Rc1 b6 41. Rc3 Kg6 42. Nf1 Rb2 43. Ne3 Kh5 44. Rc2 Rb1+ 45. Kf2 Ba4 46. Ra2
b5 47. cxb5 Bxb5 48. Rc2 Bd3 49. Rd2 Be4 50. Nd1 Bf3 51. Ne3 Kg6 52. Rc2 Rb7
53. Ke1 Kf6 54. Kd2 Ke7 55. Kd3 Kd7 56. Rh2 Rb3+ 57. Kd4 c5+ 58. dxc6+ Kxc6 59.
Rh6 Rb4+ 60. Kc3 Kc5 61. Rxd6 Rxf4 62. Re6 Ra4 63. Re5+ Kd6 64. Rg5 Ke6 65. Rb5
Ra3+ 66. Kd4 Ra4+ 67. Nc4 Rxc4+ 0-1

[Event "SV Recklinghausen-Süd 1 - SF Buer 1"]
[Site "Verbandsliga - Gruppe 2 2018/"]
[Date "2018.09.23"]
[Round "1.2"]
[White "Callenberg, Ralf"]
[Black "Renk, Christoph"]
[Result "1/2-1/2"]
[WhiteElo "1996"]
[BlackElo "1945"]
[PlyCount "125"]
[EventDate "2018.??.??"]

1. c4 Nf6 2. g3 e5 3. Bg2 Nc6 4. Nc3 Bb4 5. Nd5 Bc5 6. d3 d6 7. Nf3 Nxd5 8.
cxd5 Ne7 9. Qb3 O-O 10. O-O c6 11. Bg5 cxd5 12. Bxe7 Qxe7 13. Qxd5 Be6 14. Qe4
Rae8 15. b4 f5 16. Qh4 Qxh4 17. gxh4 Bxb4 18. Ng5 Bf7 19. Rab1 Bc5 20. Nxf7
Kxf7 21. Bxb7 Kf6 22. a4 a5 23. Rb5 Re7 24. Rfb1 Rb8 25. Ba6 Rxb5 26. axb5 Bb6
27. Rc1 Rc7 28. Rxc7 Bxc7 29. Bb7 e4 30. dxe4 Ke5 31. exf5 d5 32. f3 Bb6+ 33.
Kf1 Be3 34. Ke1 Kd4 35. Kd1 Kc5 36. Kc2 d4 37. Bc6 Bf4 38. Kb3 Bxh2 39. h5 h6
40. Be8 Bf4 41. Ka4 Bc7 42. Bf7 Bb6 43. Kb3 Kxb5 44. Bc4+ Kc6 45. Ka4 Kc5 46.
Bd3 Bd8 47. Ba6 Kb6 48. Bd3 Bg5 49. Kb3 Kc5 50. Be4 Kb5 51. Bd3+ Kc5 52. Be4
Bd2 53. Bb1 Kd5 54. Kc2 Be1 55. Kd3 Bf2 56. Ba2+ Ke5 57. Be6 Kf4 58. Bf7 Kxf5
59. Bg6+ Ke5 60. Kc4 Bh4 61. Be8 Bg5 62. Bf7 Bd8 63. Be8 1/2-1/2

[Event "SV Recklinghausen-Süd 1 - SF Buer 1"]
[Site "Verbandsliga - Gruppe 2 2018/"]
[Date "2018.09.23"]
[Round "1.3"]
[White "Schorra, Helmut"]
[Black "Höfker, Mathias"]
[Result "0-1"]
[WhiteElo "2045"]
[BlackElo "2078"]
[PlyCount "62"]
[EventDate "2018.??.??"]

1. e4 e6 2. d4 d5 3. e5 c5 4. c3 Nc6 5. Nf3 Qb6 6. a3 c4 7. Nbd2 f6 8. exf6
Nxf6 9. Be2 Bd6 10. O-O O-O 11. Rb1 Bd7 12. b3 cxb3 13. Rxb3 Qc7 14. c4 b6 15.
g3 Na5 16. Rc3 dxc4 17. Bxc4 Nxc4 18. Rxc4 Qb7 19. Re1 Bb5 20. Rc3 Nd5 21. Rb3
Ba4 22. Rxe6 Nc3 23. Qe1 Bxb3 24. Nxb3 Qxf3 25. Re3 Qd1 26. Qxd1 Nxd1 27. Re6
Rad8 28. Bg5 Rfe8 29. d5 Rxe6 30. dxe6 Re8 31. Nd4 Bc5 0-1

[Event "SV Recklinghausen-Süd 1 - SF Buer 1"]
[Site "Verbandsliga - Gruppe 2 2018/"]
[Date "2018.09.23"]
[Round "1.4"]
[White "Herud, Martin"]
[Black "Wilbert, Siegfried"]
[Result "1-0"]
[WhiteElo "2008"]
[BlackElo "1970"]
[PlyCount "147"]
[EventDate "2018.??.??"]

1. e4 c5 2. Nf3 Nc6 3. d4 cxd4 4. Nxd4 Nf6 5. Nc3 d6 6. Bc4 Bg4 7. f3 Bd7 8.
Be3 a6 9. Bb3 Na5 10. Qd2 Rc8 11. O-O-O Nc4 12. Bxc4 Rxc4 13. g4 h6 14. h4 e5
15. Nf5 Bxf5 16. gxf5 b5 17. Rhg1 Qc8 18. Rg2 b4 19. Nd5 Nxd5 20. Qxd5 Qc6 21.
Qd3 a5 22. Kb1 f6 23. Qf1 Kf7 24. Qg1 h5 25. Rgd2 Kg8 26. Qg6 Rh7 27. Rg1 Kh8
28. Rdg2 d5 29. Qf7 Qd6 30. exd5 Rxh4 31. Bh6 Rg4 32. fxg4 gxh6 33. Qe6 h4 34.
Rh1 Rd7 35. Qe8 Rd8 36. Qf7 Qxd5 37. Qxd5 Rxd5 38. c4 bxc3 39. bxc3 Rd3 40. Kc2
e4 41. Rxh4 Rf3 42. Re2 Rf4 43. Kb3 Kg7 44. Rhh2 Bc5 45. Kc4 Ba7 46. Rhg2 e3+
47. Kb5 a4 48. c4 Rf1 49. Kxa4 Bd4 50. Kb5 Kf7 51. Kc6 Ke7 52. Rc2 Be5 53. a4
Rd1 54. a5 Rd6+ 55. Kb5 Rd3 56. a6 Rb3+ 57. Kc6 Rb8 58. Ra2 Kd8 59. a7 Rc8+ 60.
Kd5 Ra8 61. Rge2 Bf4 62. Ke6 Bg5 63. c5 Kc7 64. Reb2 Re8+ 65. Kf7 Ra8 66. c6
Bh4 67. Kg7 Be1 68. Rb7+ Kxc6 69. Rb8 Rxa7+ 70. Rxa7 Bg3 71. Re8 Be5 72. Ra2
Bd4 73. Re2 Kd5 74. R2xe3 1-0

[Event "SV Recklinghausen-Süd 1 - SF Buer 1"]
[Site "Verbandsliga - Gruppe 2 2018/"]
[Date "2018.09.23"]
[Round "1.5"]
[White "Andersen, Knut"]
[Black "Mecklenburg, Roland"]
[Result "1-0"]
[WhiteElo "1849"]
[BlackElo "1983"]
[PlyCount "101"]
[EventDate "2018.??.??"]

1. d4 Nf6 2. c4 g6 3. Nc3 Bg7 4. g3 O-O 5. Bg2 d6 6. Nf3 Nbd7 7. O-O c6 8. b3
Qa5 9. Bb2 Re8 10. Qc2 Nf8 11. Rad1 Qh5 12. Ne4 Bh3 13. Nxf6+ Bxf6 14. d5 Bxb2
15. Qxb2 c5 16. Rfe1 Bg4 17. h4 Bxf3 18. Bxf3 Qf5 19. Bg2 Qd7 20. e4 b5 21.
cxb5 Qxb5 22. Bf1 Qb6 23. Bc4 Nd7 24. f4 a5 25. a4 Rab8 26. e5 Qc7 27. e6 fxe6
28. Rxe6 Nb6 29. Bb5 Rf8 30. Qe2 Rf7 31. h5 gxh5 32. Qxh5 Rg7 33. Kg2 Rf8 34.
Rde1 c4 35. bxc4 Nc8 36. f5 Qc5 37. Rf1 Qd4 38. Qf3 Nb6 39. Re4 Qf6 40. Qe3 Nc8
41. Bd7 Rd8 42. Be6+ Kh8 43. Rb1 Na7 44. Qxa7 Qc3 45. Qf2 Qd3 46. Rbe1 Rb8 47.
R1e3 Qd1 48. f6 exf6 49. Qxf6 Qc2+ 50. Kh3 Qd1 51. Re1 1-0

[Event "SV Recklinghausen-Süd 1 - SF Buer 1"]
[Site "Verbandsliga - Gruppe 2 2018/"]
[Date "2018.09.23"]
[Round "1.6"]
[White "Hajra, Hetem"]
[Black "Seppelfricke, Guido"]
[Result "0-1"]
[WhiteElo "1937"]
[BlackElo "1898"]
[PlyCount "54"]
[EventDate "2018.??.??"]

1. e4 c5 2. Nf3 Nc6 3. d4 cxd4 4. Nxd4 Qb6 5. c3 Nf6 6. f3 e6 7. Nb3 d5 8. exd5
Nxd5 9. Bc4 Ne3 10. Bxe3 Qxe3+ 11. Qe2 Qf4 12. N1d2 Bd6 13. g3 Qh6 14. Ne4 Bc7
15. Bb5 f5 16. Bxc6+ bxc6 17. Nf2 O-O 18. Nd4 e5 19. Qc4+ Kh8 20. Nc2 a5 21.
Qc5 Ba6 22. Qe3 f4 23. Qe4 Rad8 24. c4 Bb6 25. O-O fxg3 26. hxg3 Qh3 27. Qg4
Qxg4 0-1

[Event "SV Recklinghausen-Süd 1 - SF Buer 1"]
[Site "Verbandsliga - Gruppe 2 2018/"]
[Date "2018.09.23"]
[Round "1.7"]
[White "Kreitling, Oliver"]
[Black "Parado, Dominador"]
[Result "0-1"]
[WhiteElo "1824"]
[BlackElo "1905"]
[PlyCount "80"]
[EventDate "2018.??.??"]

1. d4 Nf6 2. c4 g6 3. Nc3 Bg7 4. e4 d6 5. f3 O-O 6. Be3 e5 7. d5 c6 8. Nge2 b5
9. cxb5 cxd5 10. Nxd5 Bb7 11. Nec3 h5 12. Bc4 h4 13. Nxf6+ Bxf6 14. Bd5 Bxd5
15. Qxd5 Nd7 16. Qxd6 Be7 17. Qd2 Qc8 18. O-O h3 19. g3 Nb6 20. Nd5 Bd8 21.
Rfc1 Qb7 22. a4 Nxd5 23. Qxd5 Qb8 24. Bc5 Bb6 25. Bxb6 Qxb6+ 26. Qc5 Qf6 27.
Qe3 Rfd8 28. Rc6 Qg7 29. Rac1 Rd7 30. Rc8+ Rxc8 31. Rxc8+ Kh7 32. b3 Qf6 33.
Qc3 Qd6 34. Rc6 Qa3 35. Qc2 Qa1+ 36. Kf2 Qh1 37. Rc4 Qxh2+ 38. Ke3 Qg1+ 39. Ke2
h2 40. Rd4 exd4 0-1

[Event "SV Recklinghausen-Süd 1 - SF Buer 1"]
[Site "Verbandsliga - Gruppe 2 2018/"]
[Date "2018.09.23"]
[Round "1.8"]
[White "Stahlhofen, Thomas"]
[Black "Ebert, Manfred"]
[Result "1-0"]
[WhiteElo "1800"]
[BlackElo "1921"]
[PlyCount "53"]
[EventDate "2018.??.??"]

1. e4 g6 2. d4 Bg7 3. Nc3 d6 4. Be3 Nd7 5. f3 e5 6. Nge2 f5 7. Qd2 f4 8. Bf2 g5
9. h4 h6 10. O-O-O Ngf6 11. g3 Qe7 12. hxg5 hxg5 13. Rxh8+ Bxh8 14. gxf4 gxf4
15. Nb5 Nb6 16. dxe5 dxe5 17. Qc3 Kf7 18. Qxc7 Qxc7 19. Nxc7 Rb8 20. Rd8 Bg7
21. Bxb6 axb6 22. Bh3 Bxh3 23. Rxb8 Bg2 24. Ng1 Bf8 25. Rxb7 Kg6 26. Ne6 Bb4
27. Rg7+ 1-0

[Event "SG-Gladbeck 1 - SF Brackel 3"]
[Site "Verbandsliga - Gruppe 2 2018/"]
[Date "2018.09.23"]
[Round "1.1"]
[White "Stemmler, Fabian"]
[Black "Mancic, Ivan"]
[Result "1-0"]
[WhiteElo "2079"]
[BlackElo "2179"]
[PlyCount "61"]
[EventDate "2018.??.??"]

1. d4 Nf6 2. Nf3 d5 3. c4 e6 4. Nc3 c6 5. e3 Nbd7 6. Bd2 Bd6 7. Rc1 O-O 8. Bd3
Re8 9. O-O e5 10. dxe5 Nxe5 11. Nxe5 Bxe5 12. cxd5 Bxh2+ 13. Kxh2 Ng4+ 14. Kg3
h5 15. Rh1 g6 16. e4 b5 17. f3 b4 18. fxg4 bxc3 19. Bxc3 cxd5 20. Bc2 Qc7+ 21.
Kf2 dxe4 22. Qd4 Qf4+ 23. Kg1 Qxc1+ 24. Bd1 Qh6 25. g5 Qh7 26. Bxh5 f6 27. Qxf6
Re6 28. Qd8+ Kf7 29. Bg4 Qxh1+ 30. Kxh1 Rc6 31. Qd5+ 1-0

[Event "SG-Gladbeck 1 - SF Brackel 3"]
[Site "Verbandsliga - Gruppe 2 2018/"]
[Date "2018.09.23"]
[Round "1.2"]
[White "Hassenrueck, Helmut"]
[Black "Gerlach, Felix"]
[Result "1/2-1/2"]
[WhiteElo "2117"]
[BlackElo "2071"]
[Annotator "Daniel"]
[PlyCount "82"]
[EventDate "2018.??.??"]

1. d4 Nf6 2. Nf3 g6 3. c4 Bg7 4. Nc3 O-O 5. e4 d6 6. Be2 c5 7. O-O Re8 8. d5 e6
9. dxe6 Bxe6 10. Bf4 Nc6 11. Bxd6 Nd4 12. e5 Nd7 13. Re1 Nxe2+ 14. Qxe2 Bg4 15.
Rad1 Qa5 16. Qe4 Bxf3 17. Qxf3 Nxe5 18. Bxe5 Rxe5 19. Qxb7 Rxe1+ 20. Rxe1 Rd8
21. Qe7 Rb8 22. Rd1 Bxc3 23. bxc3 Qxa2 24. Qxc5 Rb1 25. Qd4 Rxd1+ 26. Qxd1 Qxc4
27. Qd8+ Kg7 28. Qa5 $11 Qe2 29. g3 a6 30. Qb4 Qd1+ 31. Kg2 Qd5+ 32. Kg1 a5 33.
Qa4 Qe5 34. c4 Qe1+ 35. Kg2 Qe4+ 36. Kg1 Qe1+ 37. Kg2 Qb4 38. Qb5 Kf8 39. Qd5
Qb6 40. c5 Qc7 41. c6 Ke7 1/2-1/2

[Event "SG-Gladbeck 1 - SF Brackel 3"]
[Site "Verbandsliga - Gruppe 2 2018/"]
[Date "2018.09.23"]
[Round "1.3"]
[White "Garbuz, Vitaliy"]
[Black "Frohne, Gerd"]
[Result "1-0"]
[WhiteElo "2146"]
[BlackElo "2041"]
[PlyCount "67"]
[EventDate "2018.??.??"]

1. e4 e6 2. d4 d5 3. Nd2 Nf6 4. e5 Nfd7 5. f4 c5 6. c3 Nc6 7. Ndf3 Qb6 8. g3
Be7 9. Kf2 f6 10. Kg2 O-O 11. Bd3 cxd4 12. cxd4 f5 13. Ne2 Ndb8 14. h3 Bd7 15.
g4 Na6 16. a3 Nc7 17. b4 Nd8 18. Nc3 Rc8 19. Bd2 Nf7 20. b5 a6 21. Na4 Qa7 22.
b6 Bxa4 23. Qxa4 Qxb6 24. gxf5 Nh6 25. Qd7 Qb3 26. Bb1 Qb5 27. Qxe7 Qe2+ 28.
Kg3 Nxf5+ 29. Bxf5 exf5 30. Rhe1 Qd3 31. Re3 Qb5 32. Rc1 Rf7 33. Qc5 Re8 34.
Qxb5 1-0

[Event "SG-Gladbeck 1 - SF Brackel 3"]
[Site "Verbandsliga - Gruppe 2 2018/"]
[Date "2018.09.23"]
[Round "1.4"]
[White "Berg, Dietmar"]
[Black "Kartsev, Nikolay"]
[Result "0-1"]
[WhiteElo "1965"]
[BlackElo "2077"]
[PlyCount "30"]
[EventDate "2018.??.??"]

1. d4 Nf6 2. Nf3 e6 3. e3 b6 4. Bd3 Bb7 5. Nbd2 d6 6. O-O Be7 7. Qe2 O-O 8. e4
Nc6 9. c3 Re8 10. e5 Nd7 11. Nc4 dxe5 12. dxe5 b5 13. Qe4 g6 14. Ne3 Nc5 15.
Qg4 Qxd3 0-1